Olympischer Medaillenspiegel - Rudern - Statistiken

Allgemein
  • Dieses Quiz wurde 60 mal gespielt
  • Das Durchschnittsergebnis liegt bei 13 aus 16
Antwortstatistiken
Gesamt Gold Silber Bronze Land % Korrekt
47 33 7 7 DDR
100%
53 22 17 14 Deutschland
100%
88 33 31 23 Vereinigte Staaten
98%
39 9 16 14 Frankreich
91%
41 11 14 16 Italien
88%
40 13 12 15 Australien
86%
36 8 15 13 Niederlande
86%
66 29 23 14 Großbritannien
84%
41 9 17 15 Kanada
84%
27 14 5 8 Neuseeland
83%
18 4 4 11 Polen
79%
41 12 20 9 Sowjetunion
78%
18 3 8 7 Norwegen
67%
23 6 5 12 Dänemark
64%
24 7 8 9 Schweiz
62%
41 20 12 9 Rumänien
52%
Keine übereinstimmenden Quizze gefunden
Verteilung der Resultate
Anzahl Personen mit jedem Resultat
Perzentil nach korrekt beantworteten Fragen
Ihre Resultats-Entwicklung
Sie haben dieses Quiz noch nicht gespielt